[Event "Baku op"]
[Site "Baku"]
[Date "2010.08.31"]
[Round "9"]
[White "Hasanov, Shakhriyar"]
[Black "Talishzada, Orkhan Rovshan Oglu"]
[Result "1-0"]
[WhiteElo "2264"]
[BlackElo "2073"]
[PlyCount "59"]
[EventDate "2010.08.23"]
[EventType "swiss"]
[EventRounds "9"]
[EventCountry "AZE"]
[SourceTitle "CBM 138 Extra"]
[Source "ChessBase"]
[SourceDate "2010.10.29"]
[SourceVersion "1"]
[SourceVersionDate "2010.10.29"]
[SourceQuality "1"]

1. e4 c5 2. Nc3 e6 3. Nf3 d6 4. d4 cxd4 5. Nxd4 Nf6 6. Be2 Be7 7. 0-0 0-0 8. f4 Nc6 9. Be3 e5 10. Nb3 exf4 11. Bxf4 Be6 12. Kh1 d5 13. exd5 Nxd5 14. Nxd5 Bxd5 15. c3 Be4 16. Qe1 Bh4 17. Bg3 Be7 18. Rd1 Qc8 19. Bc4 Bg6 20. Bd5 Re8 21. Qf2 Kh8 22. Qf3 Bc2 23. Rd2 Bxb3 24. axb3 Bf6 25. Bxf7 Ne5 26. Bxe5 Rxe5 27. Bd5 Qd7 28. Rdd1 Rf8 29. Bxb7 Qc7 30. Bc6 1-0

[Event "World ol U16 07th"]
[Site "Mersin"]
[Date "2008.08.17"]
[Round "1"]
[White "Buyukasik, Diyap"]
[Black "Talishzada, Orkhan Rovshan Oglu"]
[Result "1-0"]
[WhiteElo "1888"]
[BlackElo "2106"]
[PlyCount "61"]
[EventDate "2008.08.17"]
[EventType "team-swiss"]
[EventRounds "10"]
[EventCountry "TUR"]
[SourceTitle "CBM 126 Extra"]
[Source "ChessBase"]
[SourceDate "2008.11.05"]
[SourceVersion "1"]
[SourceVersionDate "2008.11.05"]
[SourceQuality "1"]

1. d4 d5 2. c4 c6 3. Nc3 Nf6 4. Nf3 dxc4 5. e4 b5 6. e5 Nd5 7. Be2 Nxc3 8. bxc3 e6 9. 0-0 Be7 10. Qc2 Nd7 11. a4 Nb6 12. Nd2 Nxa4 13. Nxc4 0-0 14. Bf3 Qc7 15. Be4 h6 16. Ba3 Bxa3 17. Rxa3 Rb8 18. Nd6 Qb6 19. Rb1 Qc7 20. c4 f5 21. Bf3 Qa5 22. Bxc6 Qb6 23. Rxb5 Qxd4 24. Rxb8 Qxe5 25. Qd2 Nb6 26. Re3 Qc5 27. Nxc8 Nxc4 28. Qc1 Kh7 29. Rc3 Rd8 30. Rb1 Rd4 31. Bb5 1-0

[Event "Baku President's Cup 2nd"]
[Site "Baku"]
[Date "2007.05.03"]
[Round "1"]
[White "Rustemov, Alexander"]
[Black "Talishzada, Orkhan Rovshan Oglu"]
[Result "1-0"]
[WhiteElo "2557"]
[BlackElo "2114"]
[PlyCount "81"]
[EventDate "2007.05.03"]
[EventType "swiss"]
[EventRounds "9"]
[EventCountry "AZE"]
[SourceTitle "CBM 118 Extra"]
[Source "ChessBase"]
[SourceDate "2007.07.04"]
[SourceVersion "1"]
[SourceVersionDate "2007.07.04"]
[SourceQuality "1"]

1. d4 d5 2. c4 c6 3. Nc3 Nf6 4. e3 a6 5. Nf3 b5 6. c5 g6 7. Qb3 a5 8. Ne5 a4 9. Qd1 Bg7 10. Be2 0-0 11. 0-0 Nfd7 12. Nf3 e5 13. Bd2 Bb7 14. b3 axb3 15. Qxb3 Na6 16. Rab1 Qc7 17. Rfc1 Rfb8 18. a4 bxa4 19. Nxa4 e4 20. Ne1 Bc8 21. Nb6 Nxb6 22. cxb6 Qd7 23. Qc2 Bb7 24. Ra1 Rc8 25. Bxa6 Bxa6 26. Bb4 Bf8 27. Bxf8 Kxf8 28. Qc5+ Kg8 29. h3 Qb7 30. Nc2 Rcb8 31. Nb4 Qxb6 32. Nxc6 Qxc5 33. Rxc5 Re8 34. Rxd5 Bb7 35. Rxa8 Rxa8 36. Rc5 Bxc6 37. Rxc6 Kf8 38. g4 Ke7 39. Rc5 Kf6 40. Re5 Rd8 41. Kg2 1-0

[Event "San Agustin op 12th"]
[Site "Aviles"]
[Date "2007.??.??"]
[Round "9"]
[White "Leks, Hanna"]
[Black "Talishzada, Orkhan Rovshan Oglu"]
[Result "1-0"]
[WhiteElo "2232"]
[BlackElo "2114"]
[PlyCount "113"]
[EventDate "2007.08.04"]
[EventType "swiss"]
[EventRounds "9"]
[EventCountry "ESP"]
[SourceTitle "CBM 119 Extra"]
[Source "ChessBase"]
[SourceDate "2007.09.04"]
[SourceVersion "1"]
[SourceVersionDate "2007.09.04"]
[SourceQuality "1"]

1. e4 e6 2. Nf3 d5 3. Nc3 dxe4 4. Nxe4 Nd7 5. d4 Ngf6 6. Nxf6+ Nxf6 7. Bg5 Be7 8. Bd3 0-0 9. Qe2 c5 10. 0-0-0 cxd4 11. h4 Nd5 12. Qe4 f5 13. Qxd4 Bf6 14. Bxf6 Qxf6 15. Bc4 Nb6 16. Bb3 Bd7 17. Rhe1 Rae8 18. Qd6 Kh8 19. Ng5 h6 20. Bxe6 hxg5 21. hxg5 Qxg5+ 22. f4 Qh6 23. Rh1 Bxe6 24. Rxh6+ gxh6 25. Re1 Rf6 26. g4 fxg4 27. b3 Kg7 28. Qc7+ Rf7 29. Qe5+ Kg8 30. Qh5 Kg7 31. f5 Bd7 32. Qg6+ Kf8 33. Qxh6+ Kg8 34. Qg6+ Kf8 35. Rh1 Bxf5 36. Rh8+ Ke7 37. Qg5+ Kd7 38. Qd2+ Ke7 39. Qe3+ Be6 40. Qg5+ Rf6 41. Rxe8+ Kxe8 42. Qxf6 Kd7 43. c4 Nc8 44. Qd4+ Kc7 45. Kd2 Bd7 46. a4 a6 47. a5 Ne7 48. Qf4+ Kd8 49. Qb8+ Bc8 50. b4 Nf5 51. b5 g3 52. b6 Ne7 53. Qc7+ Ke8 54. Qxg3 Kf7 55. Qc7 Ke8 56. c5 Bd7 57. Qxb7 1-0

[Event "San Agustin op 12th"]
[Site "Aviles"]
[Date "2007.??.??"]
[Round "3"]
[White "Pop, Alexandru"]
[Black "Talishzada, Orkhan Rovshan Oglu"]
[Result "0-1"]
[WhiteElo "1807"]
[BlackElo "2114"]
[PlyCount "94"]
[EventDate "2007.08.04"]
[EventType "swiss"]
[EventRounds "9"]
[EventCountry "ESP"]
[SourceTitle "CBM 119 Extra"]
[Source "ChessBase"]
[SourceDate "2007.09.04"]
[SourceVersion "1"]
[SourceVersionDate "2007.09.04"]
[SourceQuality "1"]

1. e4 c5 2. Nf3 e6 3. d4 cxd4 4. Nxd4 Nf6 5. Nc3 Nc6 6. Be3 Bb4 7. Bd3 0-0 8. 0-0 d5 9. exd5 exd5 10. Nce2 Bg4 11. c3 Bd6 12. Nf5 Bb8 13. f3 Bh5 14. Nfg3 Bg6 15. Bxg6 hxg6 16. Qd2 Bc7 17. Rad1 Qd7 18. Nd4 Rfe8 19. Rfe1 Rad8 20. Kf2 Ne5 21. b3 Neg4+ 22. Kg1 Nxe3 23. Rxe3 Rxe3 24. Qxe3 a6 25. Re1 Kf8 26. Kf2 Qd6 27. Qg5 Qc5 28. Qe3 Bb6 29. Nge2 Re8 30. Qd2 Qc7 31. g3 Rc8 32. Ke3 Ba7 33. Kd3 b5 34. Nf4 Kg8 35. Re3 Qc5 36. Nfe2 Qa3 37. Re5 Qd6 38. Qf4 Bb8 39. Re3 Qa3 40. Qg5 Qxa2 41. Re7 Qb1+ 42. Kd2 Bd6 43. Ra7 b4 44. c4 dxc4 45. bxc4 b3 46. Rxa6 b2 47. Rb6 Qa2 0-1

[Event "San Agustin op 12th"]
[Site "Aviles"]
[Date "2007.??.??"]
[Round "6"]
[White "Talishzada, Orkhan Rovshan Oglu"]
[Black "Ignacz, Maria"]
[Result "1/2-1/2"]
[WhiteElo "2114"]
[BlackElo "2242"]
[PlyCount "162"]
[EventDate "2007.08.04"]
[EventType "swiss"]
[EventRounds "9"]
[EventCountry "ESP"]
[SourceTitle "CBM 119 Extra"]
[Source "ChessBase"]
[SourceDate "2007.09.04"]
[SourceVersion "1"]
[SourceVersionDate "2007.09.04"]
[SourceQuality "1"]

1. e4 c5 2. c3 d5 3. exd5 Qxd5 4. d4 e6 5. Nf3 Nf6 6. Be2 cxd4 7. cxd4 Nc6 8. Nc3 Qd6 9. 0-0 Be7 10. Nb5 Qd8 11. Bf4 Nd5 12. Bg3 a6 13. Nc3 0-0 14. a3 Nf6 15. Rc1 b6 16. b4 Bb7 17. Qb3 b5 18. Rfd1 Qb6 19. Bf4 Rad8 20. Bd2 Rd7 21. h3 Ba8 22. Be3 Qb7 23. d5 exd5 24. Nxd5 Rxd5 25. Rxd5 Na5 26. bxa5 Nxd5 27. Bd2 Re8 28. Bf1 Bf6 29. Rb1 Qa7 30. Rc1 Qd7 31. Qc2 h6 32. Qd3 Rd8 33. Rc2 Qe6 34. Qb3 Nf4 35. Qxe6 Nxe6 36. Be3 Be4 37. Rd2 Rxd2 38. Bxd2 Bxf3 39. gxf3 Nd4 40. Kg2 Nb3 41. Bb4 Bd8 42. Bd3 Bxa5 43. Bd6 Bc3 44. Kf1 Bd4 45. Bc2 Nd2+ 46. Ke2 Nc4 47. Be7 Nb6 48. f4 Nd5 49. Bd6 Bb6 50. Bb3 Nf6 51. f3 Ne8 52. Bb4 a5 53. Be7 Nc7 54. Kd3 Ne6 55. Bd6 Bc5 56. Bxe6 Bxd6 57. Bd7 Bxa3 58. Bxb5 Kf8 59. Ba4 Ke7 60. Bb5 Bc1 61. Ke4 g6 62. f5 g5 63. Kd5 Kf6 64. Ke4 Bf4 65. Ba4 Ke7 66. Kd5 Bd2 67. Bb5 Bc1 68. Ba4 Kd8 69. Bb5 Kc7 70. Be8 f6 71. Bb5 Kb6 72. Ba4 Bf4 73. Be8 Be5 74. Ba4 h5 75. Be8 h4 76. Ba4 Bb2 77. Be8 a4 78. Bxa4 Ka5 79. Be8 Kb4 80. Bh5 Be5 81. Bg4 Kc3 1/2-1/2

[Event "EU-ch U14"]
[Site "Herceg Novi"]
[Date "2006.09.17"]
[Round "7"]
[White "Talishzada, Orkhan Rovshan Oglu"]
[Black "Janczarski, Michal"]
[Result "1/2-1/2"]
[WhiteElo "2015"]
[BlackElo "2049"]
[PlyCount "61"]
[EventDate "2006.09.10"]
[EventType "swiss"]
[EventRounds "9"]
[EventCountry "MNE"]
[SourceTitle "CBM 114 Extra"]
[Source "ChessBase"]
[SourceDate "2006.11.03"]
[SourceVersion "1"]
[SourceVersionDate "2006.11.03"]
[SourceQuality "1"]

1. e4 c5 2. c3 d5 3. exd5 Qxd5 4. d4 g6 5. Nf3 Bg7 6. Be2 cxd4 7. cxd4 Nh6 8. Nc3 Qa5 9. 0-0 0-0 10. Bf4 a6 11. Ne5 Nf5 12. Qd3 Nd6 13. Nc4 Nxc4 14. Qxc4 Qd8 15. d5 b5 16. Qb4 Bd7 17. Qc5 Bf5 18. Rac1 Nd7 19. Qe3 Nf6 20. a3 Rc8 21. Rfd1 Re8 22. h3 h5 23. Bf3 Qa5 24. Na2 Rxc1 25. Rxc1 e5 26. dxe6 Bxe6 27. Bc7 Qa4 28. Nb4 Bb3 29. Qb6 Re6 30. Qb8+ Kh7 31. Bc6 1/2-1/2

[Event "EU-ch U14"]
[Site "Herceg Novi"]
[Date "2006.09.12"]
[Round "3"]
[White "Talishzada, Orkhan Rovshan Oglu"]
[Black "Jefic, Srdjan"]
[Result "1-0"]
[WhiteElo "2015"]
[BlackElo "2020"]
[PlyCount "89"]
[EventDate "2006.09.10"]
[EventType "swiss"]
[EventRounds "9"]
[EventCountry "MNE"]
[SourceTitle "CBM 114 Extra"]
[Source "ChessBase"]
[SourceDate "2006.11.03"]
[SourceVersion "1"]
[SourceVersionDate "2006.11.03"]
[SourceQuality "1"]

1. e4 c5 2. c3 d5 3. exd5 Qxd5 4. d4 Nc6 5. Nf3 Bg4 6. Be2 cxd4 7. cxd4 e6 8. 0-0 Nf6 9. Nc3 Qd6 10. Be3 Be7 11. Qb3 Qb4 12. Qxb4 Bxb4 13. a3 Ba5 14. Rfd1 Rd8 15. b4 Bb6 16. Ne5 Nxe5 17. dxe5 Rxd1+ 18. Bxd1 Bxe3 19. fxe3 Bxd1 20. exf6 Bb3 21. fxg7 Rg8 22. Rb1 Bc2 23. Rc1 Bd3 24. Na4 Rxg7 25. Nc5 Be2 26. Kf2 b6 27. Nb3 Bd3 28. Rc7 a6 29. Nd4 Kf8 30. Rc8+ Ke7 31. Rb8 Be4 32. Nf3 a5 33. Rxb6 axb4 34. axb4 Rg8 35. b5 Rc8 36. Nd4 e5 37. Nc6+ Bxc6 38. Rxc6 Rxc6 39. bxc6 Kd6 40. Kf3 f5 41. e4 f4 42. Kg4 Kxc6 43. Kf5 Kd6 44. h4 h5 45. Kf6 1-0

[Event "San Agustin op 11th"]
[Site "Aviles"]
[Date "2006.08.12"]
[Round "8"]
[White "Olay Valdes, Rodrigo"]
[Black "Talishzada, Orkhan Rovshan Oglu"]
[Result "1/2-1/2"]
[WhiteElo "1813"]
[BlackElo "2015"]
[PlyCount "60"]
[EventDate "2006.08.05"]
[EventType "swiss"]
[EventRounds "9"]
[EventCountry "ESP"]
[SourceTitle "CBM 113 Extra"]
[Source "ChessBase"]
[SourceDate "2006.09.14"]
[SourceVersion "1"]
[SourceVersionDate "2006.09.14"]
[SourceQuality "1"]

1. e4 e5 2. Nf3 Nc6 3. d4 exd4 4. Bc4 Bc5 5. c3 Nf6 6. e5 d5 7. Bb5 Ne4 8. cxd4 Bb4+ 9. Bd2 Bxd2+ 10. Nfxd2 Bf5 11. Nxe4 Bxe4 12. Qg4 0-0 13. Bxc6 bxc6 14. 0-0 c5 15. dxc5 Qe7 16. Nc3 Qxe5 17. Rfe1 f5 18. Qe2 d4 19. Nxe4 fxe4 20. Qxe4 Qxc5 21. Rac1 Qb6 22. Qe6+ Qxe6 23. Rxe6 Rf7 24. Kf1 Rd8 25. f3 Kf8 26. Ke2 Rd5 27. Kd3 c5 28. b4 Rc7 29. bxc5 Rcxc5 30. Rxc5 Rxc5 1/2-1/2

[Event "San Agustin op 11th"]
[Site "Aviles"]
[Date "2006.08.08"]
[Round "4"]
[White "Alonso Alvarez, Aitor"]
[Black "Talishzada, Orkhan Rovshan Oglu"]
[Result "1-0"]
[WhiteElo "2135"]
[BlackElo "2015"]
[PlyCount "87"]
[EventDate "2006.08.05"]
[EventType "swiss"]
[EventRounds "9"]
[EventCountry "ESP"]
[SourceTitle "CBM 113 Extra"]
[Source "ChessBase"]
[SourceDate "2006.09.14"]
[SourceVersion "1"]
[SourceVersionDate "2006.09.14"]
[SourceQuality "1"]

1. e4 e5 2. Nf3 Nc6 3. Bb5 a6 4. Ba4 d6 5. 0-0 Nf6 6. Re1 Be7 7. h3 0-0 8. c3 h6 9. d4 exd4 10. cxd4 d5 11. e5 Ne4 12. Nbd2 Bf5 13. a3 f6 14. Bb3 Nxd2 15. Bxd2 fxe5 16. dxe5 Kh8 17. Bc2 d4 18. Bxf5 Rxf5 19. Qb3 Rb8 20. Qe6 Qc8 21. Qg6 Qf8 22. Re4 Rd8 23. Rae1 Qf7 24. Qg3 Qe6 25. Rg4 Rf7 26. Rg6 Qf5 27. Rg4 g5 28. h4 h5 29. Rxg5 Bxg5 30. Nxg5 Rg7 31. e6 Rf8 32. f4 Qc2 33. Qf2 Qxb2 34. Qe2 Qb5 35. Qxh5+ Kg8 36. Qf3 d3 37. Kh1 Nd4 38. Qe4 Ne2 39. Kh2 Qc5 40. Qxd3 Nxf4 41. Bxf4 Rxf4 42. Qd8+ Rf8 43. e7 Rxd8 44. exd8Q+ 1-0